000 00551nas a2200205 4500
001 BR3800075
003 BR-BrBNA
005 20231205081818.0
007 ta
008 230509b bl.|||p| |||| 00| 00por d
040 _aBR-BrBNA
_bpor
_cBiblioteca Nacional de Agricultura
041 _a(Pt)
072 _aS10; S20
100 1 _aCruz, A.
245 1 _aVitamina C
650 _aVITAMINA C
773 0 _tRevista Medica do Parana (Brazil)
_x
_g(Jul 1938), v. 7(7) p. 3-12
_wBR3800075
909 _a202311
_bLúcia
_c55
_dLúcia Elande
942 _2AGRIS
_n0
_cANA
999 _c87026
_d87026